|
|
|
|
| LEADER |
00000naa a2200000 4500 |
| 001 |
vtls011920335 |
| 003 |
SK-MaSNL |
| 005 |
20260302145304.0 |
| 008 |
200226|2019 xo l f|| |1|| ||cze |
| 015 |
|
|
|a SNBRA 2015
|2 svkbbbg
|
| 038 |
|
|
|a SVKBBBG
|
| 040 |
|
|
|a SVKBBBG
|b slo
|c SVKBBBG
|e rda
|
| 041 |
0 |
|
|a cze
|
| 043 |
|
|
|a e-xr---
|
| 044 |
|
|
|a xo
|c SK
|
| 072 |
|
7 |
|a 504
|x Znečistenie a poškodenie životného prostredia
|2 konspekt
|
| 080 |
|
|
|a 504.5
|2 2011
|
| 080 |
|
|
|a (437.311)
|2 2011
|
| 080 |
|
|
|a 628.472
|2 2011
|
| 080 |
|
|
|a 519.248
|2 2001
|
| 100 |
1 |
|
|a Bartoň, Jan
|4 aut
|9 276308
|
| 245 |
1 |
0 |
|a Hodnocení rizik Motolské skládky v Praze
|c Jan Bartoň
|
| 300 |
|
|
|b Schémy
|
| 336 |
|
|
|a text
|b txt
|2 rdacontent
|
| 337 |
|
|
|a bez média
|b n
|2 rdamedia
|
| 338 |
|
|
|a zväzok
|b nc
|2 rdacarrier
|
| 504 |
|
|
|a Bibliografia na strane 133
|
| 650 |
0 |
7 |
|a ekologické záťaže
|2 SNKPH
|9 74778
|
| 650 |
0 |
7 |
|a skládky odpadu
|2 SNKPH
|9 16790
|
| 650 |
0 |
7 |
|a riziková analýza
|2 SNKPH
|9 68019
|
| 651 |
|
7 |
|a Praha (Česko)
|2 SNKPHgeo
|9 19313
|
| 773 |
0 |
|
|t Znečistené územia 2019
|d Banská Bystrica : Slovenská agentúra životného prostredia, 2019
|g S. 132-133
|z 9788082130044
|
| 852 |
|
|
|a SVKBB
|b KIS3GCP
|
| 958 |
|
|
|a NB
|
| 999 |
|
|
|c 1353421
|d 1355351
|